Movies Quiz

Random Movies or Role Quiz

AFI 100 Years 100 Laughs Quiz Stats

 Plays Quiz Updated Jan 7, 2019

Support Sporcle.
Go Orange.
Score 0/100 Timer 12:00
5 Plays Today
Rank Movie % Correct
1Some Like It Hot
77.7%
4Annie Hall
69.6%
2Tootsie
69.4%
36National Lampoon's Animal House
67.6%
42Big
67.2%
6Blazing Saddles
62.1%
28Ghostbusters
60.3%
27There's Something About Mary
59.8%
71Caddyshack
59%
34Groundhog Day
58.7%
5Duck Soup
58.6%
13Young Frankenstein
57.4%
23When Harry Met Sally...
56.4%
9The Graduate
54.6%
41Moonstruck
53.8%
67Mrs. Doubtfire
53.6%
3Dr. Strangelove or: How I Learned to Stop Worrying and Love the Bomb
52.3%
10Airplane!
50.9%
21A Fish Called Wanda
50.9%
16Singin' in the Rain
47.9%
63Beverly Hills Cop
47.9%
17The Odd Couple
44.6%
53Arthur
44.4%
7MASH
43.2%
86City Slickers
42.9%
11The Producers
42.2%
89The Jerk
41.2%
31Raising Arizona
40.9%
46Manhattan
38.6%
8It Happened One Night
38.2%
93Fargo
37.7%
12A Night at the Opera
37.6%
51The Seven Year Itch
37.3%
100Good Morning, Vietnam
37.1%
Rank Movie % Correct
14Bringing Up Baby
36.7%
29This Is Spinal Tap
36.4%
20The Apartment
35.2%
38City Lights
34.3%
87Fast Times at Ridgemont High
33.1%
33Modern Times
33.1%
37The Great Dictator
32.6%
15The Philadelphia Story
30.7%
35Harvey
30.1%
18The General
29.5%
82Private Benjamin
28.3%
88Beetlejuice
27.5%
97Bull Durham
27.4%
99The Nutty Professor
27.3%
69Bananas
27.1%
76Victor Victoria
26.7%
25The Gold Rush
26.4%
47Shampoo
25.2%
26Being There
25%
45Harold and Maude
24.7%
59A Day at the Races
24.4%
80Sleeper
24.1%
19His Girl Friday
23.6%
22Adam's Rib
23.5%
74Nine to Five
22.1%
83Father of the Bride
22%
30Arsenic and Old Lace
21.2%
32The Thin Man
20.8%
43American Graffiti
20.3%
65Horse Feathers
18.8%
48A Shot in the Dark
18.4%
61What's Up, Doc?
18%
64Broadcast News
17.3%
95Silver Streak
17.3%
Rank Movie % Correct
24Born Yesterday
17.2%
40It's a Mad, Mad, Mad, Mad World
16.9%
57Diner
15.9%
50Cat Ballou
15.8%
56Abbott and Costello Meet Frankenstein
14.1%
39Sullivan's Travels
14%
73Monkey Business
13.9%
78Road to Morocco
13.4%
52Ninotchka
12.7%
44My Man Godfrey
12.5%
66Take the Money and Run
12.2%
62Sherlock, Jr.
11.7%
55The Lady Eve
11.7%
49To Be or Not to Be
11.6%
60Topper
11.4%
70Mr. Deeds Goes to Town
11.2%
84Lost in America
10.8%
90Woman of the Year
10.5%
94Auntie Mame
10.3%
68The Awful Truth
10.1%
79The Freshman
10.1%
98The Court Jester
9.9%
75She Done Him Wrong
9.4%
58It's a Gift
9.3%
92Ball of Fire
8.6%
91The Heartbreak Kid
7.9%
81The Navigator
7.9%
85Dinner at Eight
7.7%
72Mr. Blandings Builds His Dream House
7.4%
77The Palm Beach Story
6.9%
96Sons of the Desert
6.7%
54The Miracle of Morgan's Creek
6.4%

From the Vault

Historical People Spelling Test

by LTH

History 5m
Typically spelling doesn't matter on multiple choice quizzes, but we're making an exception here.
Remove Ads.
Support Sporcle.
Get the best of Sporcle when you Go Orange. This ad-free experience offers more features, more stats, and more fun while also helping to support Sporcle. Thank you for becoming a member.

Show Comments

Extras

Top Quizzes Today


Score Distribution

Your Account Isn't Verified!

In order to create a playlist on Sporcle, you need to verify the email address you used during registration. Go to your Sporcle Settings to finish the process.

Report this User

Report this user for behavior that violates our Community Guidelines.

Details: